000
00231nam a2200097Ia 4500
001
690379
005
20250826161815.0
008
250824s9999 xx 000 0 und d
245
0
_a
GARFEZ
_c
GRIFFIN HAYES
260
_b
PANAMA YAYINLARI
999
_c
690379
_d
690379